000 00797na a2200265 4500
001 20401
003 MIRAKIL
005 20181213155047.0
008 170118b tu 000 0
020 _a9750052803
035 _a20401
040 _aMilas
_btur
_cTR-AnCHP
041 _atur
082 _aATA 321.9561
_bK29k 2005
090 _aATA 321.9561 K29k 2005
100 _aKazancı, Ertuğrul
245 _aKemalist devrim yolunda...
_bmakaleler
_cErtuğrul Kazancı
260 _aİzmir
_bDolunay Yayınları
_c2005
300 _a200 s.
_bres.
_c20 sm.
600 _aAtatürk, Mustafa Kemal
_d1881-1938
_xSiyasal ve sosyal görüşler
650 _aKemalizm
_xMakaleler
650 _aSiyasal ideolojiler
_xKemalizm
_zTürkiye
650 _aAtatürkçülük
_zTürkiye
942 _2ddc
_cBKS
999 _c5784
_d5784